Oslava ekonomie přednášky laureátů Nobelovy ceny za ekonomii

Enregistré dans:
Détails bibliographiques
Auteur principal: Jonáš, Jiří
Format: Livre
Langue:tchèque
Publié: Praha Academia 1994
Édition:2. dopl. vyd.
Sujets:
Tags: Ajouter un tag
Pas de tags, Soyez le premier à ajouter un tag!

MARC

LEADER 00000nam a2200000 4500
001 c005939
005 20250520121721.6
020 |a 80-200-0200-6 
041 0 |a cze 
044 |a CZ 
245 1 0 |a Oslava ekonomie  |b přednášky laureátů Nobelovy ceny za ekonomii  |c Jiří Jonáš a kol. 
250 |a 2. dopl. vyd. 
264 1 |a Praha  |b Academia  |c 1994 
300 |a 807 s. 
610 2 0 |a ekonómia 
610 2 0 |a Nobelova cena 
100 1 |a Jonáš, Jiří